مكتبة جامعة عجلون الوطنية

فهرس بحث المكتبة

Normal view MARC view
  • النقد العربي - نظرية المعنى

Entry Topical Term

Number of records used in: 1

001 - CONTROL NUMBER

  • control field: 42286

003 - CONTROL NUMBER IDENTIFIER

  • control field: JO-AjAnu

005 - DATE AND TIME OF LATEST TRANSACTION

  • control field: 20230606081021.0

008 - FIXED-LENGTH DATA ELEMENTS

  • fixed length control field: 230606|| aca||aabn | a|a d

040 ## - CATALOGING SOURCE

  • Original cataloging agency: JO-AjAnu
  • Transcribing agency: JO-AjAnu

150 ## - HEADING--TOPICAL TERM

  • Topical term or geographic name entry element: النقد العربي - نظرية المعنى

670 ## - SOURCE DATA FOUND

  • Source citation: Work cat.: (JO-AjAnu)21663: ناصف، مصطفى, author 42285, نظرية المعنى في النقد العربي